00000000nam 2200000zi 4500
0019.938317
003CaOODSP
00520250822163637
006m     o  d f      
007cr |n|||||||||
008240515t20242024onca    o    f000 0 fre d
020 |a9780660719528
040 |aCaOODSP|bfre|erda|cCaOODSP
043 |an-cn---
0861 |aH14-619/2024F-PDF
24500|aFeuillet de renseignements sur la rougeole.
264 1|a[Ottawa] : |bGouvernement du Canada = Government of Canada, |c[2024]
264 4|c©2024
300 |a1 ressource en ligne (2 pages non numérotées) : |billustration en couleur
336 |atexte|btxt|2rdacontent/fre
337 |ainformatique|bc|2rdamedia/fre
338 |aressource en ligne|bcr|2rdacarrier/fre
500 |aPublié aussi en anglais sous le titre : Measles factsheet.
520 |a« Il y a encore des cas et des éclosions de rougeole au Canada. Les cas au pays surviennent habituellement lorsqu’une personne non vaccinée voyage dans un pays où la rougeole circule ou arrive d’un tel pays. La rougeole peut ensuite se transmettre au Canada parmi les personnes qui ne sont pas vaccinées ou n’ont pas d’immunité acquise lors d’une infection antérieure » -- Page [1].
650 6|aRougeole|zCanada.
650 6|aRougeole|xFacteurs de risque|zCanada.
7101 |aCanada. |bSanté Canada, |eorganisme de publication.
77508|tMeasles factsheet.|w(CaOODSP)9.938316
77508|t[Feuillet de renseignements sur la rougeole].|w(CaOODSP)9.954386
77508|t[Feuillet de renseignements sur la rougeole].|w(CaOODSP)9.954389
77508|t[Feuillet de renseignements sur la rougeole].|w(CaOODSP)9.954394
77508|tFicha de datos sobre sarampión.|w(CaOODSP)9.954399
77508|t[Feuillet de renseignements sur la rougeole].|w(CaOODSP)9.954403
77508|t[Feuillet de renseignements sur la rougeole].|w(CaOODSP)9.954406
77508|t[Feuillet de renseignements sur la rougeole].|w(CaOODSP)9.954411
77508|t[Feuillet de renseignements sur la rougeole].|w(CaOODSP)9.954414
77508|t[Feuillet de renseignements sur la rougeole].|w(CaOODSP)9.954417
77508|t[Feuillet de renseignements sur la rougeole].|w(CaOODSP)9.954420
77508|t[Feuillet de renseignements sur la rougeole].|w(CaOODSP)9.954425
77508|t[Feuillet de renseignements sur la rougeole].|w(CaOODSP)9.954426
77508|tFactsheet ng tigdas.|w(CaOODSP)9.954427
77508|t[Feuillet de renseignements sur la rougeole].|w(CaOODSP)9.954428
77508|tBản thông tin về bệnh sởi.|w(CaOODSP)9.954429
85640|qPDF|s340 Ko|uhttps://publications.gc.ca/collections/collection_2024/sc-hc/H14-619-2024-fra.pdf
8564 |qHTML|sS.O.|uhttps://www.canada.ca/fr/sante-publique/services/publications/maladies-et-affections/rougeole-faut-savoir.html